[Event "Kishinev Ghimpu Memorial op"]
[Site "Kishinev"]
[Date "2012.11.13"]
[Round "8"]
[White "Golstein, Mihail"]
[Black "Petrenko, Svetlana"]
[Result "0-1"]
[WhiteElo "2012"]
[BlackElo "2194"]
[PlyCount "100"]
[EventDate "2012.11.09"]
[EventType "swiss"]
[EventRounds "9"]
[EventCountry "MDA"]
[SourceTitle "EXT 2014"]
[Source "ChessBase"]
[SourceDate "2013.11.20"]
[SourceVersion "1"]
[SourceVersionDate "2013.11.20"]
[SourceQuality "1"]

1. Nf3 g6 2. e4 Bg7 3. d4 d6 4. Bd3 c5 5. c3 Nf6 6. h3 0-0 7. Be3 Nbd7 8. Nbd2 b6 9. 0-0 Bb7 10. Re1 Qc7 11. Bg5 e5 12. dxe5 dxe5 13. Qc2 Bc6 14. Rad1 b5 15. c4 b4 16. Nf1 h6 17. Bc1 Qb7 18. N3d2 a5 19. Ne3 a4 20. Nd5 Rfe8 21. Qb1 Nf8 22. Nf1 N6d7 23. Be2 Ne6 24. Bg4 Nd4 25. Bxd7 Bxd7 26. f4 Kh7 27. fxe5 Bxe5 28. Be3 Ra6 29. Kh1 b3 30. axb3 axb3 31. Bxd4 Bxd4 32. Nh2 Rea8 33. e5 Bf5 34. Qc1 Kg7 35. Nf3 Bc2 36. Nxd4 Bxd1 37. Qxd1 cxd4 38. Qxd4 Qa7 39. c5 Ra4 40. Qc3 Qa5 41. Qe3 Ra1 42. Rxa1 Qxa1+ 43. Kh2 Qxb2 44. Qf4 Ra6 45. Nb6 Ra2 46. Qf6+ Kg8 47. Qd8+ Kh7 48. Qd5 Qxg2+ 49. Qxg2 Rxg2+ 50. Kxg2 b2 0-1

[Event "Kishinev Ghimpu Memorial op"]
[Site "Kishinev"]
[Date "2012.11.13"]
[Round "7"]
[White "Golstein, Mihail"]
[Black "Silantiev, Stanislav"]
[Result "1-0"]
[WhiteElo "2012"]
[BlackElo "1858"]
[PlyCount "117"]
[EventDate "2012.11.09"]
[EventType "swiss"]
[EventRounds "9"]
[EventCountry "MDA"]
[SourceTitle "EXT 2014"]
[Source "ChessBase"]
[SourceDate "2013.11.20"]
[SourceVersion "1"]
[SourceVersionDate "2013.11.20"]
[SourceQuality "1"]

1. Nf3 Nf6 2. g3 g6 3. b4 Bg7 4. Bb2 0-0 5. Bg2 c6 6. 0-0 Na6 7. a3 b5 8. d3 Bb7 9. c4 bxc4 10. dxc4 c5 11. b5 Nc7 12. Nbd2 Ne6 13. Qc2 d6 14. Rfe1 Qc7 15. e4 Nd7 16. Bxg7 Kxg7 17. Bh3 Nd4 18. Nxd4 cxd4 19. Bxd7 Qxd7 20. Qd3 e5 21. a4 f5 22. f3 Rf7 23. Rf1 Rc8 24. Rae1 f4 25. g4 Qc7 26. Qa3 Qa5 27. Rd1 Rf6 28. Rf2 Qc3 29. Qxc3 dxc3 30. Nb3 Rxc4 31. Na5 Rc7 32. Rc1 Ba8 33. Rfc2 d5 34. exd5 Bxd5 35. Rxc3 Rxc3 36. Rxc3 Rf7 37. h4 e4 38. Rc5 Rd7 39. fxe4 Bxe4 40. Rc4 Re7 41. Nc6 Bxc6 42. Rxc6 Kf7 43. Kf2 Ke8 44. Kf3 Rd7 45. Rc4 Rf7 46. Rxf4 Rc7 47. Rd4 Ke7 48. Kf4 h6 49. Rb4 Kf7 50. a5 Ke6 51. b6 axb6 52. axb6 Rb7 53. g5 h5 54. Ke4 Kd6 55. Kd4 Rf7 56. b7 Rf4+ 57. Kc3 Rxb4 58. Kxb4 Kc7 59. Kc5 1-0

[Event "Albena op 19th"]
[Site "Albena"]
[Date "2011.06.28"]
[Round "4"]
[White "Golstein, Mihail"]
[Black "Anton, Teodor"]
[Result "0-1"]
[WhiteElo "2075"]
[BlackElo "2355"]
[PlyCount "114"]
[EventDate "2011.06.25"]
[EventType "swiss"]
[EventRounds "9"]
[EventCountry "BUL"]
[SourceTitle "CBM 143 Extra"]
[Source "ChessBase"]
[SourceDate "2011.08.29"]
[SourceVersion "1"]
[SourceVersionDate "2011.08.29"]
[SourceQuality "1"]

1. Nf3 c5 2. e3 Nf6 3. d4 e6 4. Nbd2 b6 5. c3 Bb7 6. Bd3 Be7 7. 0-0 d6 8. Qe2 Nbd7 9. Re1 0-0 10. e4 cxd4 11. cxd4 Rc8 12. Nf1 Re8 13. Ng3 g6 14. Bd2 Bf8 15. Rad1 Qc7 16. h4 e5 17. d5 Nb8 18. Bb5 Red8 19. Bg5 Qe7 20. Rc1 a6 21. Bd3 b5 22. Qd2 Nbd7 23. h5 Qe8 24. hxg6 hxg6 25. Nh2 Rxc1 26. Rxc1 Rc8 27. Re1 Bg7 28. f3 Nc5 29. Bb1 Nh7 30. Be3 Bf6 31. Ngf1 Qe7 32. Kf2 Bg5 33. Bxg5 Qxg5 34. Ne3 Na4 35. Nhg4 Nf6 36. Nxf6+ Qxf6 37. Rh1 Qg5 38. g3 Rc5 39. Qe2 Bc8 40. Ng2 Bd7 41. f4 exf4 42. gxf4 Qf6 43. b3 Nc3 44. Qd3 b4 45. Qe3 Nxb1 46. Rxb1 Rc2+ 47. Kg1 Rxa2 48. e5 Qf5 49. Re1 Qg4 50. Qf2 Rxf2 51. Kxf2 dxe5 52. Rxe5 Qd1 53. Ne3 Qxb3 54. Re7 Qa4 55. Re4 Qb5 56. d6 b3 57. Re5 Qxe5 0-1